|
|
|
|
| LEADER |
01165nam a22003252a 4500 |
| 001 |
000305337 |
| 003 |
CZ BrMZK |
| 005 |
20140910103554.0 |
| 007 |
tu |
| 008 |
980105s1992 xr abf f 000 0 cze d |
| 015 |
|
|
|a cnb000067827
|
| 020 |
|
|
|a 80-206-0073-6
|q (brož.) :
|c Kčs 44,00
|
| 040 |
|
|
|a ABA001
|b cze
|d ABA001
|
| 080 |
9 |
|
|a 355
|
| 080 |
9 |
|
|a 855.0-96
|
| 080 |
9 |
|
|a 940.53/.54
|
| 100 |
1 |
|
|a Hrbek, Jaroslav,
|d 1951-2009
|7 jn19990009846
|4 aut
|
| 245 |
1 |
0 |
|a Arnhem 1944 /
|c Jaroslav Hrbek ; ilustroval Vít Martínek
|
| 250 |
|
|
|a 1. vyd.
|
| 260 |
|
|
|a Praha :
|b Naše vojsko,
|c 1992
|
| 300 |
|
|
|a 268 s., [16] s. obr. příl. :
|b il. (převážně barev.), mapy, ;
|c 20 cm
|
| 490 |
1 |
|
|a Malé dějiny válek ;
|v sv. 1
|
| 504 |
|
|
|a Obsahuje bibliografii
|
| 655 |
|
7 |
|a literatura faktu
|7 fd132773
|2 czenas
|
| 830 |
|
0 |
|a Malé dějiny válek
|0 s
|
| 856 |
4 |
1 |
|u http://www.digitalniknihovna.cz/mzk/uuid/uuid:6de581c0-3f18-11e4-bc3a-005056827e51
|y Digitalizovaný dokument
|x NDK
|
| 910 |
|
|
|a BOA001
|b 2-0980.374
|
| 964 |
|
|
|a Arnhem - dějiny - r. 1944
|
| 990 |
|
|
|a BK
|
| 996 |
6 |
|
|b 2619865298
|c 2-0980.374
|l MZK
|r Sklad / do 1 hodiny
|n 18
|w 000305337
|u 000010
|a 1
|e BOA001
|j MZK50
|s P
|